LEADER 02331nam a2200445 u 4500 001 000000115250 003 CaOOAMICUS 005 20090407173043.0 008 090407s2009 it u000 u ita r 020 $z978-88-452-6227-2* 040 $aPUL$bita$dLDB 041 1 $aita$agrc$ager$hgrcger 100 0 $aPorphyrius Tyrius,$d232/233-305?.$0(OLS)http://pul/name/7019 245 10$aContro i cristiani :$bnella raccolta di Adolf von Harnack, con tutti i nuovi frammenti in appendice /$cPorfirio ; introduzione, traduzione, note e apparati di Giuseppe Muscolino ; notizia biografica su Harnack di Andrea Ardiri ; presentazione di Giuseppe Girgenti. 260 $aMilano :$bBompiani,$cc2009. 300 $a615 p. ;$c21 cm. 490 1 $aBompiani testi a fronte ;$v120 500 $aInclude indici. 504 $aBibliografia : p. [535]-571. 546 $aTesto greco e tedesco a fronte. 700 1 $aMuscolino, Giuseppe.$0(OLS)http://pul/name/71333 700 1 $aGirgenti, Giuseppe.$0(OLS)http://pul/name/14005 700 1 $aHarnack, Adolf von,$d1851-1930.$0(OLS)http://pul/name/359 700 0 $aPorphyrius Tyrius,$d232/233-305?.$tFragmenta.$0(OLS)http://pul/nameTitle/618$0(OLS)http://pul/name/7019$0(OLS)http://pul/title/131846 830 0$aBompiani testi a fronte ;$v120.$0(OLS)http://pul/title/87343 850 $aPUL 852 $aPUL$W1$xSL Filosofia 2$y80$mPhil A2 2.120$j131985$qStampati Altre Collocazioni$B130970$CPULBib$Z2$F130970 $H110065 $82 900 $aPorfirio di Tiro,$dc. 234-c. 305$97019 900 $aPorphyrios,$cdetto il Fenicio,$dc. 234-c. 305$97019 900 $aPorphyrius,$cdetto il Fenicio,$dc. 234-c. 305$97019 900 $aPorphyrius Tyrius,$dc. 234-c. 305$97019 900 $aPorfirio di Tiro,$dc. 234-c. 305$97019 900 $aPorphyrios,$cdetto il Fenicio,$dc. 234-c. 305$97019 900 $aPorphyrius,$cdetto il Fenicio,$dc. 234-c. 305$97019 900 $aPorphyrius Tyrius,$dc. 234-c. 305$97019 941 1 $a10 983 0$aTesti a fronte (Bompiani) 996 $6020$z978-88-452-6227-2*$9(OLS)http://pul/number/140287 996 $6245$aContro i cristiani :$bnella raccolta di Adolf von Harnack, con tutti i nuovi frammenti in appendice$9(OLS)http://pul/title/144834 996 $6260$aMilano :$bBompiani$9(OLS)http://pul/publisher/48240 LEADER 01422nam a2200313 a 4500 001 000000172799 003 CaOOAMICUS 005 20191024153247.0 008 191024s2018 it 001 u eng r 020 $a978-3-11-061296-7* 032 $aLibriCat 040 $aPUL$bita$d 100 1 $aBrum Teixeira, José Lucas.$0(OLS)http://pul/name/110984 245 10$aPoetics and narrative function of Tobit 6 : 2-18 / $cJose Lucas Brum Teixeira. 260 $aBerlin ; ;$aBoston :$bDe Gruyter,$c2018. 300 $aXXII, 326 p.;$c24 cm 490 1 $aDeuterocanonical and cognate literature studies ;$v41 502 $aTesi di Dottorato in Teologia biblica--Pontificio Istituto Biblico, 2018. 504 $aBibliografia: p. [397]-413. 630 04$aBiblia.$pV.T.$pThobias.$0(OLS)http://pul/subject/9957 710 2 $aPontificio istituto biblico.$kTesi.$0(OLS)http://pul/name/85533 830 0$aDeuterocanonical and cognate literature studies$b(De Gruyter) ;$v41.$0(OLS)http://pul/title/213818 850 $aPUL 852 $aPUL$W1$xDP1 Tesi Pon. Ist. Biblico$y33$m2018 B 3$j191950$qTesi$B201539$CPULBib$Z2$F201539 $82 941 1 $a16 996 $6020$a978-3-11-061296-7*$9(OLS)http://pul/number/166847 996 $6245$aPoetics and narrative function of Tobit 6 : 2-18 / $9(OLS)http://pul/title/213819 996 $6260$aBerlin ; $aBoston :$bDe Gruyter$9(OLS)http://pul/publisher/82016